000 00610nam a2200229Ia 4500
005 20231010091642.0
008 131103s9999 xx 000 0 und d
020 _cRs.45
040 _aLoreto College
041 _aEnglish
082 _a709.54
_bGHO
100 _aGhosh,Debaprasad
245 _aBharatiya Shilpadhara
_b prachya bharat o brihattara bharat
_cDebaprasad Ghosh
260 _aKolkata
_bSahityaloke
_c1986
300 _a127p
_b plates
504 _aIncludes index
630 _aGreater India-Art
650 _aIndian art
651 _aIndia,ancient-Art
850 _aLCLIB
942 _cBK
999 _c17353
_d67832